LEADER 00989nam a2200241 u 4500 001 000000051783 003 CaOOAMICUS 005 20070226115357.0 008 000927s1962 it u000 u ita u 035 $a10856642 040 $aPUL(R)$bita 100 1 $aGiardina, Emilio.$0(OLS)http://pul/name/37157 245 13$aLa capacità giuridica tributaria degli enti collettivi non personificati /$cEmilio Giardina. 260 $aMilano :$bA. Giuffrè,$c1962. 300 $a127 p. ;$c26 cm 504 $aBibliografia in nota. 650 4$aTassazione (diritto).$0(OLS)http://pul/subject/12693 850 $aPUL 852 $aPUL$W1$xDP1 Fondo Ciprotti$y59$m1540 D 11$j68569$nBK-PRI$b $qFondi$B68569$CPULBib$Z2$F68569 $H $81 941 1 $a1 961 $aINV: F. Ciprotti 996 $6245$aLa capacità giuridica tributaria degli enti collettivi non personificati$9(OLS)http://pul/title/69521 996 $6260$aMilano :$bA. Giuffrè$9(OLS)http://pul/publisher/48096 LEADER 01205nam a2200277 a 4500 001 000000170241 003 CaOOAMICUS 005 20181030151512.0 008 181030s1986 it u000 u ita r 020 $a88-16-95022-6* 032 $aLibriCat 040 $aPUL$bita 100 1 $aRivetti Barbò, Francesca.$0(OLS)http://pul/name/38056 245 12$aL'antinomia del mentitore nel pensiero contemporaneo :$bda Peirce a Tarski: studi, testi, bibliografia /$cFrancesca Rivetti Barbò. 260 $aMilano :$bJaka Book,$c1986. 300 $aX, 321 p. ;$c23 cm. 490 1 $aEdizioni Universitarie Jaca ;$v22 650 4$aFilosofia contemporanea.$0(OLS)http://pul/subject/8502 830 0$aEdizioni universitarie Jaca ;$v22.$0(OLS)http://pul/title/101662 850 $aPUL 852 $aPUL$W1$xDP1 Fondo Seidl$y56$m4 E 20$j177010$qFondi$B198498$CPULBib$Z2$F198498 $81 941 1 $a1 996 $6020$a88-16-95022-6*$9(OLS)http://pul/number/165118 996 $6245$aL'antinomia del mentitore nel pensiero contemporaneo :$bda Peirce a Tarski: studi, testi, bibliografia$9(OLS)http://pul/title/176447 996 $6260$aMilano :$bJaka Book$9(OLS)http://pul/publisher/52609